|
|
|
|
| LEADER |
01236nam a2200337 a 4500 |
| 001 |
000603819 |
| 003 |
CZ BrMZK |
| 005 |
20070709143010.0 |
| 007 |
ta |
| 008 |
020531s2002 xr e p cze d |
| 015 |
|
|
|a cnb001122586
|
| 020 |
|
|
|a 80-213-0901-6
|
| 035 |
|
|
|a (OCoLC)51189500
|
| 040 |
|
|
|a BOA001
|b cze
|
| 072 |
|
7 |
|a 657
|x Účetnictví
|2 Konspekt
|9 4
|
| 072 |
|
7 |
|a 37.016
|x Učební osnovy. Vyučovací předměty. Učebnice
|2 Konspekt
|9 22
|
| 080 |
|
|
|a 657
|2 MRF
|
| 080 |
|
|
|a (075.8)
|2 MRF
|
| 100 |
1 |
|
|a Valder, Antonín
|7 jn20001103444
|4 aut
|
| 245 |
1 |
0 |
|a Účetnictví II /
|c Antonín Valder, Enikő Lőrinczová
|
| 250 |
|
|
|a Vyd. 2. přeprac.
|
| 260 |
|
|
|a Praha :
|b Česká zemědělská univerzita,
|c 2002
|
| 300 |
|
|
|a 281 s. :
|b il. ;
|c 29 cm
|
| 521 |
|
|
|a Určeno pro posluchače oborů PaE, PaA, Info
|
| 650 |
0 |
7 |
|a účetnictví
|7 ph116911
|2 czenas
|
| 655 |
|
7 |
|a učebnice vysokých škol
|7 fd133772
|2 czenas
|
| 700 |
1 |
|
|a Lőrinczová, Enikő
|7 ola2003188555
|4 aut
|
| 710 |
2 |
|
|a Česká zemědělská univerzita v Praze.
|b Katedra obchodu a financí
|7 kn20020321631
|
| 910 |
|
|
|a BOA001
|b 3-1103.770
|
| 990 |
|
|
|a BK
|
| 996 |
6 |
|
|b 2610162218
|c 3-1103.770
|l MZK
|r Sklad / do 1 hodiny
|n 1
|p p.v.
|w 000603819
|u 000010
|a 1
|e BOA001
|j MZK50
|s P
|